000 00615nam a22002177a 4500
003 UA-OsUOA
001 81573
007 ta
008 20120203b un ||||| |||| 00| 0 ukr d
100 _aРоманюк Є.
090 _a81
_bР69
942 _cSA
040 _aUA-OsUOA
_bukr
_cUA-OsUOA
_dUA-OsUOA
245 _aЗавдання з культури мовлення: слововживання
300 _aС.12-16
955 _a0
041 _aukr
080 _a81
773 0 _w81571
650 7 _a8 Мовознавство. Художня література. Літературознавство
_2UDC
999 _c367888
_d367888